Guess the Artist Based on His Best Known Album - Statistics

General Stats
  • This quiz has been taken 40 times
  • The average score is 41 of 91
Answer Stats
Album Artist/Band % Correct
Abbey Road The Beatles
94%
Thriller Michael Jackson
92%
Nevermind Nirvana
89%
The Marshall Mathers LP Eminem
86%
Purple Rain Prince and the Revolution
86%
The Rise and Fall of Ziggy Stardust and the Spiders from Mars David Bowie
83%
The Dark Side of the Moon Pink Floyd
83%
Californication Red Hot Chili Peppers
83%
Master of Puppets Metallica
81%
Get Rich or Die Tryin‘ 50 Cent
78%
Dookie Green Day
78%
London Calling The Clash
78%
Rumours Fleetwood Mac
75%
Paranoid Black Sabbath
72%
24K Magic Bruno Mars
72%
Straight Outta Compton N.W.A.
72%
A Night at the Opera Queen
72%
OK Computer Radiohead
72%
Back to Black Amy Winehouse
69%
What‘s Going On Marvin Gaye
69%
Pet Sounds The Beach Boys
69%
The Velvet Rope Janet Jackson
67%
Exile on Main St. The Rolling Stones
67%
The Miseducation of __________ Lauryn Hill
64%
Songs in the Key of Life Stevie Wonder
64%
21 Adele
61%
Blood on the Tracks Bob Dylan
61%
Are You Experienced The Jimi Hendrix Experience
61%
Synchronicity The Police
58%
The Blueprint JAY-Z
56%
Tapestry Carole King
53%
My Beautiful Dark Twisted Fantasy Kanye West
53%
To Pimp a Butterfly Kendrick Lamar
50%
(What‘s the Story) Morning Glory? Oasis
50%
Mellon Collie and the Infinite Sadness The Smashing Pumpkins
50%
Who‘s Next The Who
50%
All Eyez On Me 2Pac
47%
The Chronic Dr. Dre
47%
___________________ and Nico The Velvet Underground
47%
Harry‘s House Harry Styles
44%
Montero Lil Nas X
44%
It Takes a Nation of Million to Hold Us Back Public Enemy
44%
Automatic for the People R.E.M.
44%
Astroworld Travis Scott
44%
The Stranger Billy Joel
42%
Ready to Die The Notorious B.I.G.
42%
Parklife Blur
39%
Blue Joni Mitchell
39%
xx The xx
39%
A Rush of Blood to the Head Coldplay
36%
Blonde Frank Ocean
36%
After Hours The Weeknd
36%
I Never Loved a Man the Way I Love You Aretha Franklin
33%
Paul‘s Boutique Beastie Boys
33%
Exodus Bob Marley and the Wailers
33%
The Carter III Lil Wayne
33%
Illmatic Nas
33%
Anti Rihanna
33%
Disintegration The Cure
33%
Hot Fuss The Killers
33%
Enter the ____________ (36 Chambers) Wu-Tang Clan
33%
AM Arctic Monkeys
31%
Debut Björk
31%
Discovery Daft Punk
31%
Demon Days Gorillaz
31%
Madvillainy Madvillain
31%
Aquemini Outkast
31%
The Queen Is Dead The Smiths
31%
Arrival ABBA
28%
Violator Depeche Mode
28%
Mezzanine Massive Attack
28%
Is This It The Strokes
28%
The Score Fugees
25%
The Downward Spiral Nine Inch Nails
25%
The Colour and the Shape Foo Fighters
19%
Modern Vampires of the City Vampire Weekend
19%
Voodoo D‘Angelo
17%
Fetch the Bolt Cutters Fiona Apple
17%
Diamond Life Sade
17%
Currents Tame Impala
17%
For Emma, Forever Ago Bon Iver
14%
2014 Forest Hills Drive J. Cole
14%
Swimming Mac Miller
14%
Hollywood‘s Bleeding Post Malone
14%
Funeral Arcade Fire
11%
Only by the Night Kings of Leon
11%
The Infamous Mobb Deep
11%
Laundry Service Shakira
11%
The White Stripes Elephant
8%
Sound of Silver LCD Soundsystem
8%
Punisher Phoebe Bridgers
8%
No matching quizzes found
Score Distribution
Percent of People with Each Score
Percentile by Number Answered
Your Score History
You have not taken this quiz